| 000 | 00621nam a22001937a 4500 | ||
|---|---|---|---|
| 003 | LK-CoMWRAF | ||
| 005 | 20231207104006.0 | ||
| 008 | 231207b2012 |||||||| |||| 00| 0 eng d | ||
| 020 | _a 9789558698167 | ||
| 040 |
_aLK-CoMWRAF _dLK-CoMWRAF _eLK-CoMWRAF |
||
| 041 | _aeng | ||
| 082 |
_a341.48 _bUNI |
||
| 110 |
_aUniversity of Colombo, _b Centre for the Study of Human Rights |
||
| 245 | _aNew horizons in human rights | ||
| 260 |
_aColombo: _bCentre for the Study of Human Rights, University of Colombo, _c2012 |
||
| 300 |
_a iv, 191 p. ; 21 cm _bBibliography included |
||
| 650 | _aHUMAN RIGHTS-Sri Lanka | ||
| 942 | _cBK | ||
| 999 |
_c4300 _d4300 |
||